İnsana dokunmak : (Kayıt no. 10306)

MARC ayrıntıları
000 -BAŞLIK
Sabit Uzunluktaki Kontrol Alanı 00692nam a22002177a 4500
003 - KONTROL NUMARASI KİMLİĞİ
Kontrol Alanı KOHA_MİRAKIL
005 - EN SON İŞLEM TARİHİ ve ZAMANI
Kontrol Alanı 20260424092802.0
008 - SABİT UZUNLUKTAKİ VERİ ÖGELERİ - GENEL BİLGİ
Sabit Alan 260421b tu ||||| |||| 00| 0 tur d
020 ## - ISBN - ULUSLARARASI STANDART KİTAP NUMARASI
Isbn 9786259636122
040 ## - KATALOGLAMA KAYNAĞI
Özgün Kataloglama Kurumu TR-AnABB
Kataloglama Dili tur
Çeviri Kurumu TR-AnABB
041 ## - DİL KODU
Metin ya da ses kaydının dil kodu tur
082 ## - DEWEY ONU SINIFLAMA SİSTEMİ
Sınıflama Numarası 351.009 2
Cutter numarası YIL 2025
100 1# - KİŞİ ADI
Yazar Adı (Kişi adı) Yıldızer, Cemal
245 10 - ESER ADI BİLDİRİMİ
Başlık İnsana dokunmak :
Alt Eseradı vb. anılarla /
Sorumluluk Bildirimi Cemal Yıldızer
260 ## - YAYIN, DAĞITIM, VB.
Yayın Yeri Ankara :
Yayınevi Aşıkça Kitapevi,
Yayın Tarihi 2025
300 ## - FİZİKSEL TANIMLAMA
Sayfa, Cilt vb. 455 sayfa ;
Boyutları 20 cm
500 ## - GENEL NOT
Genel Not Yazar tarafından Prof. Dr. Ruşen Keleş için imzalanmıştır.
650 04 - KONU BAŞLIĞI EK GİRİŞ - KONU TERİMİ
Konusal terim veya coğrafi ad Mülki idare amirleri, Türkiye, Anılar
900 ## - YEREL BİLGİ
Kontrol Can ÇELIK
942 ## - EK GİRİŞ ÖGELERİ (KOHA)
Sınıflama Kaynağı Dewey Decimal Classification
Materyal Türü Kitap
Mevcut
Geri Çekilme Durumu Kayıp Durumu Sınıflandırma Kaynağı Kredi için değil Kalıcı Konum Mevcut Konum Kayıt Tarih Toplam Ödünçverme Yer Numarası Demirbaş Numarası Son Görülme Tarihi Fatura Tarihi Materyal Türü
    Dewey Decimal Classification   Prof. Dr. Ruşen Keleş Kütüphanesi Prof. Dr. Ruşen Keleş Kütüphanesi 21/04/2026   351.009 2 YIL 2025 RK7213 21/04/2026 21/04/2026 Kitap